• 首页
  • 本馆介绍
  • 公告通知
  • 最新文献
  • 馆藏检索
  • 电子资源
  • 读者导购
  • 参考咨询
  • 我的图书馆
  • 登录
  • 详细信息显示
  • 放入我的书架
  • 预约/预借图书
  • 作者相关作品
  • 分类相关作品
  • 丛书相关作品
  • 出版社相关作品

书目信息

  • 表格格式
  • 工作单格式
  • 卡片格式
题名:
教育的智慧
    
 
作者: 林崇德 著
分册:  
出版信息: 杭州   浙江教育出版社  2019.10
页数: 14, 293页
开本: 23cm
丛书名:
单 册:
中图分类: G632.0
科图分类:
主题词: 素质教育--su zhi jiao yu--教学研究--中小学
电子资源:
ISBN: 978-7-5536-8179-5
000 01300nam0 2200265 450
001 0109110100
005 20201109110334.0
010    @a978-7-5536-8179-5@dCNY48.00
100    @a20190508d2019 em y0chiy50 ea
101 0  @achi
102    @aCN@b330000
105    @ay z 000yy
106    @ar
200 1  @a教育的智慧@Ajiao yu de zhi hui@e写给中小学教师@f林崇德著
210    @a杭州@c浙江教育出版社@d2019.10
215    @a14, 293页@d23cm
312    @a封面英文题名:Wisdom of education: write to the middle and elementary school teachers
330    @a本书从教师职业的价值、教师的素质、学生的特点、智育与德育、建构各种学科能力、探索德育中品德形成的机制、班主任工作、非智力因素的培养、做学生的保健医、全面发展和学有特色以及投入到教育科研中去等诸多方面,向我们展示了新世纪教师的必备素质,并明确提出了“发展学生的智力与能力”,应该从培养思维品质入手教师参加教科研,是提高自身素质的重要途径教育的重点应放在学生非智力因素的培养上等脍炙人口启人心智的感悟。
510 1  @aWisdom of education: write to the middle and elementary school teachers@zeng
517 1  @a写给中小学教师@Axie gei zhong xiao xue jiao shi
606 0  @a素质教育@Asu zhi jiao yu@x教学研究@x中小学
690    @aG632.0@v5
701  0 @a林崇德@Alin chong de@4著
801  0 @aCN@bBJSZM@c20201103
905    @b1266201-5@dG632.0@e1010@f5
    
    教育的智慧:写给中小学教师/林崇德著.-杭州:浙江教育出版社,2019.10
    14, 293页;23cm
    
    
    ISBN 978-7-5536-8179-5:CNY48.00
    本书从教师职业的价值、教师的素质、学生的特点、智育与德育、建构各种学科能力、探索德育中品德形成的机制、班主任工作、非智力因素的培养、做学生的保健医、全面发展和学有特色以及投入到教育科研中去等诸多方面,向我们展示了新世纪教师的必备素质,并明确提出了“发展学生的智力与能力”,应该从培养思维品质入手教师参加教科研,是提高自身素质的重要途径教育的重点应放在学生非智力因素的培养上等脍炙人口启人心智的感悟。
●
相关链接 在E读中查询图书 在五车中查询图书 在当当中查询图书 在豆瓣中查询图书


正题名:教育的智慧     索取号:G632.0/1010         预约/预借

序号 登录号 条形码 馆藏地/架位号 状态 备注
1 1266201   212662019   第一样本阅览室/ [索取号:G632.0/1010] 在馆    
2 1266202   212662028   教育系资料室/ [索取号:G632.0/1010] 在馆    
3 1266203   212662037   教育系资料室/ [索取号:G632.0/1010] 在馆    
4 1266204   212662046   第四借阅区/ [索取号:G632.0/1010] 在馆    
5 1266205   212662055   第四借阅区/ [索取号:G632.0/1010] 在馆    
欢迎您!
大连网信软件有限公司© 版权所有